[Event "Titled Tue 3rd Jun Early"]
[Site "chess.com INT"]
[Date "2025.06.03"]
[Round "7"]
[White "Stefanov, Plamen"]
[Black "Heymann, Samuel"]
[Result "0-1"]
[BlackTitle "CM"]
[WhiteElo "1982"]
[BlackElo "2226"]
[WhiteFideId "2900980"]
[BlackFideId "4645707"]
[EventDate "2025.06.03"]

1. e4 c5 2. Nf3 g6 3. c3 d5 4. exd5 Qxd5 5. Bb5+ Bd7 6. Qe2 Nf6 7. O-O Bg7 8.
Bc4 Qd6 9. d4 O-O 10. h3 Nc6 11. Rd1 cxd4 12. cxd4 Nb4 13. Nc3 e6 14. Bg5 Bc6
15. Ne5 Nbd5 16. Rac1 Rac8 17. Bxf6 Nxf6 18. Ne4 Bxe4 19. f3 Bd5 20. Bd3 Nh5 21.
b3 Nf4 22. Qe1 Rxc1 23. Rxc1 Bxe5 24. dxe5 Qb6+ 25. Kh2 Nxd3 0-1

[Event "Titled Tue 3rd Jun Early"]
[Site "chess.com INT"]
[Date "2025.06.03"]
[Round "7"]
[White "Aravindhan, Achyuth"]
[Black "Burmakin, Evgeniy"]
[Result "0-1"]
[WhiteTitle "CM"]
[BlackTitle "FM"]
[WhiteElo "2098"]
[BlackElo "2110"]
[WhiteFideId "1084216"]
[BlackFideId "4163729"]
[EventDate "2025.06.03"]

1. Nf3 Nf6 2. g3 g6 3. Bg2 Bg7 4. O-O O-O 5. b3 d5 6. d4 c5 7. Bb2 Ne4 8. Nfd2
cxd4 9. Nxe4 dxe4 10. Bxe4 Nc6 11. c3 Bh3 12. Bg2 Bxg2 13. Kxg2 Qd5+ 14. Kg1
Rfd8 15. cxd4 Nxd4 16. Nc3 Qh5 17. Qc1 Rac8 18. Qf4 Rxc3 0-1

[Event "Titled Tue 3rd Jun Early"]
[Site "chess.com INT"]
[Date "2025.06.03"]
[Round "7"]
[White "Mikhailova, Irina"]
[Black "Radchenko, Alexey"]
[Result "0-1"]
[WhiteTitle "WGM"]
[BlackTitle "FM"]
[WhiteElo "2143"]
[BlackElo "2293"]
[WhiteFideId "4109040"]
[BlackFideId "4192362"]
[EventDate "2025.06.03"]

1. d4 c6 2. Nf3 d5 3. c4 Nf6 4. cxd5 cxd5 5. Nc3 Nc6 6. Bf4 e6 7. e3 Bd6 8. Bg3
a6 9. Bd3 O-O 10. Rc1 Re8 11. Qe2 e5 12. dxe5 Nxe5 13. Nd4 Bg4 14. Qd2 Rc8 15.
h3 Bh5 16. Bh4 Be7 17. Nf5 Bg6 18. Nxe7+ Rxe7 19. Bxg6 hxg6 20. b3 d4 21. Bxf6
gxf6 22. Qxd4 Nd3+ 23. Kd2 Nxc1 24. Rxc1 Qa5 25. Kd1 Rd8 0-1

[Event "Titled Tue 3rd Jun Early"]
[Site "chess.com INT"]
[Date "2025.06.03"]
[Round "7"]
[White "Haug, Havard"]
[Black "Kolb, Tobias"]
[Result "0-1"]
[WhiteTitle "FM"]
[BlackTitle "FM"]
[WhiteElo "2354"]
[BlackElo "2402"]
[WhiteFideId "1547887"]
[BlackFideId "12992321"]
[EventDate "2025.06.03"]

1. e4 c6 2. d4 d5 3. Nd2 dxe4 4. Nxe4 Bf5 5. Ng5 h6 6. Nxf7 Kxf7 7. Nf3 Nf6 8.
Ne5+ Kg8 9. Bc4+ e6 10. g4 Be4 11. Bxe6+ Kh7 12. g5 Qe7 13. Bf7 hxg5 14. h4 g4
15. Bg5 Nbd7 16. Nxd7 Qxd7 17. Bc4 Bxh1 18. Bd3+ Be4 19. Bxf6 Re8 20. Be5 Qf5
21. Be2 Bxc2 22. Qd2 Be4 23. O-O-O g6 24. Bf4 Qxf4 25. Qxf4 Bh6 26. Qg5 Bxg5+
27. hxg5 0-1

[Event "Titled Tue 3rd Jun Early"]
[Site "chess.com INT"]
[Date "2025.06.03"]
[Round "7"]
[White "Weetik, Vjacheslav"]
[Black "Mujumdar, Sameer"]
[Result "1-0"]
[WhiteTitle "FM"]
[WhiteElo "2423"]
[BlackElo "2029"]
[WhiteFideId "4153472"]
[BlackFideId "2029707"]
[EventDate "2025.06.03"]

1. d4 Nf6 2. c4 g6 3. Nc3 Bg7 4. e4 d6 5. Nf3 O-O 6. Be2 Nbd7 7. O-O e5 8. Re1
Re8 9. Bf1 a6 10. d5 a5 11. Rb1 Nc5 12. b3 Bd7 13. a3 a4 14. b4 Nb3 15. Bg5 h6
16. Bh4 g5 17. Bg3 Nh5 18. Nd2 Nxg3 19. hxg3 Nd4 20. g4 c6 21. Bd3 cxd5 22. Nxd5
Be6 23. Nf1 Bxd5 24. exd5 b5 25. cxb5 Qb6 26. Rc1 e4 27. Rxe4 Rxe4 28. Bxe4 Nxb5
29. Qd3 Re8 30. Ng3 Bb2 31. Rc6 Qb7 32. Nf5 Bg7 33. f3 Na7 34. Nxd6 1-0

[Event "Titled Tue 3rd Jun Early"]
[Site "chess.com INT"]
[Date "2025.06.03"]
[Round "7"]
[White "Moskalenko, Alexander"]
[Black "Sychev, Klementy"]
[Result "1/2-1/2"]
[WhiteTitle "GM"]
[BlackTitle "GM"]
[WhiteElo "2422"]
[BlackElo "2542"]
[WhiteFideId "4155351"]
[BlackFideId "4114060"]
[EventDate "2025.06.03"]

1. e4 e5 2. Nf3 Nc6 3. Nc3 Nf6 4. d4 exd4 5. Nxd4 Bb4 6. Nxc6 bxc6 7. Bd3 O-O 8.
O-O d5 9. exd5 cxd5 10. h3 Rb8 11. Be3 a5 12. Ba7 Rb7 13. Bd4 Be6 14. Na4 Ne4
15. b3 Qh4 16. Bxe4 dxe4 17. Bc5 Bxh3 18. Bxf8 Bxg2 19. Kxg2 Qg5+ 20. Kh1 Qh4+
21. Kg2 Qg5+ 22. Kh1 Qh4+ 23. Kg2 1/2-1/2

[Event "Titled Tue 3rd Jun Early"]
[Site "chess.com INT"]
[Date "2025.06.03"]
[Round "7"]
[White "Ahmad, Khagan"]
[Black "Venkatesh, Narayan"]
[Result "1-0"]
[WhiteTitle "IM"]
[BlackTitle "FM"]
[WhiteElo "2405"]
[BlackElo "2168"]
[WhiteFideId "13431552"]
[BlackFideId "30987881"]
[EventDate "2025.06.03"]

1. d4 Nf6 2. c4 e6 3. Nf3 d5 4. Nc3 Nbd7 5. Bf4 dxc4 6. e3 Nb6 7. Bxc4 Nxc4 8.
Qa4+ Bd7 9. Qxc4 Bd6 10. O-O Bxf4 11. exf4 O-O 12. Ne5 a6 13. Rad1 Rc8 14. Qb3
Rb8 15. Rfe1 b5 16. Qc2 b4 17. Na4 Nd5 18. Nc5 Bb5 19. a4 bxa3 20. bxa3 Nxf4 21.
a4 Qd5 22. Re4 Nxg2 23. axb5 f5 24. Kxg2 fxe4 25. Qxe4 Rxb5 26. Qxd5 exd5 27.
Nxa6 Rb2 28. Nd3 Rb7 29. Nac5 Rb5 30. Re1 h6 31. Re7 Rf7 32. Re8+ Kh7 33. Ne5
Rf4 34. Ne6 Rf5 35. Nf8+ Rxf8 36. Rxf8 c5 37. h4 cxd4 38. h5 g5 39. hxg6+ Kg7
40. Rf7+ Kg8 41. Ng4 1-0

[Event "Titled Tue 3rd Jun Early"]
[Site "chess.com INT"]
[Date "2025.06.03"]
[Round "7"]
[White "Bustelo, Tabare"]
[Black "Ishvi, Aggarwal"]
[Result "1-0"]
[WhiteTitle "CM"]
[BlackTitle "WCM"]
[WhiteElo "2043"]
[BlackElo "1954"]
[WhiteFideId "3000362"]
[BlackFideId "25728890"]
[EventDate "2025.06.03"]

1. d4 Nf6 2. Bg5 d5 3. Bxf6 exf6 4. e3 f5 5. Bd3 g6 6. c4 dxc4 7. Bxc4 Bg7 8.
Nc3 O-O 9. Nge2 b6 10. h4 Bb7 11. Rh2 c5 12. h5 cxd4 13. Nxd4 Nc6 14. Nce2 Ne5
15. Bb3 Ng4 16. Rh3 Bxg2 17. Rg3 Bb7 18. hxg6 hxg6 19. Qd3 Qh4 20. Nxf5 gxf5 21.
Qxf5 Nh6 22. Qg6 Qb4+ 23. Nc3 Nf5 24. Qxf5 Qd6 25. Qg5 1-0

[Event "Titled Tue 3rd Jun Early"]
[Site "chess.com INT"]
[Date "2025.06.03"]
[Round "7"]
[White "Kalyani Sirin"]
[Black "Kawka, Milena"]
[Result "1-0"]
[WhiteTitle "WFM"]
[BlackTitle "WCM"]
[WhiteElo "2136"]
[BlackElo "2004"]
[WhiteFideId "33323500"]
[BlackFideId "21095167"]
[EventDate "2025.06.03"]

1. e4 c5 2. Nf3 Nc6 3. d4 cxd4 4. Nxd4 e5 5. Nb3 d6 6. Nc3 Be6 7. f3 Nf6 8. Nd5
Be7 9. c4 a5 10. Be3 O-O 11. Be2 a4 12. Nc1 Nd7 13. O-O Nc5 14. Nd3 Nd4 15. N3b4
Nc6 16. Nxe7+ Qxe7 17. Nd5 Qd8 18. Qd2 f5 19. exf5 Bxf5 20. Nc3 Ne6 21. Bd3 Bxd3
22. Qxd3 Ncd4 23. f4 Nc5 24. Qd2 Nc6 25. fxe5 dxe5 26. Qxd8 Raxd8 27. Rxf8+ Rxf8
28. Bxc5 Rd8 29. Nd5 Na5 30. Bb6 Ra8 31. Bxa5 Rxa5 32. Re1 Rc5 33. b3 axb3 34.
axb3 b5 35. Rxe5 bxc4 36. Ne7+ Kf7 37. Rxc5 cxb3 38. Nd5 b2 39. Rb5 1-0

[Event "Titled Tue 3rd Jun Early"]
[Site "chess.com INT"]
[Date "2025.06.03"]
[Round "7"]
[White "Kurmangaliyeva, Liya"]
[Black "Kambrath, Yannick"]
[Result "1-0"]
[WhiteTitle "FM"]
[BlackTitle "IM"]
[WhiteElo "2246"]
[BlackElo "2389"]
[WhiteFideId "13725831"]
[BlackFideId "20632525"]
[EventDate "2025.06.03"]

1. d4 d5 2. c4 e6 3. Nf3 Nf6 4. g3 Be7 5. Bg2 O-O 6. O-O dxc4 7. Qc2 a6 8. a4
Bd7 9. Qxc4 Bc6 10. Bf4 Bd5 11. Qc1 Nc6 12. e3 Nh5 13. Nc3 g5 14. e4 Bc4 15. Be3
Bxf1 16. Bxf1 h6 17. Bc4 Nb4 18. h4 gxh4 19. Bxh6 hxg3 20. fxg3 Re8 21. Kg2 Bf8
22. Bxf8 Kxf8 23. Qh6+ Ke7 24. Qxh5 Kd7 25. Qc5 Nc6 26. d5 Ne7 27. dxe6+ Kc8 28.
exf7 Rf8 29. Rd1 1-0

[Event "Titled Tue 3rd Jun Early"]
[Site "chess.com INT"]
[Date "2025.06.03"]
[Round "7"]
[White "Ersoz, Teoman Guney"]
[Black "FAWOLE, John Oyeyemi"]
[Result "1-0"]
[WhiteTitle "CM"]
[BlackTitle "FM"]
[WhiteElo "2090"]
[BlackElo "1987"]
[WhiteFideId "44537050"]
[BlackFideId "8501319"]
[EventDate "2025.06.03"]

1. e4 c5 2. Nf3 d6 3. d4 cxd4 4. Nxd4 Nf6 5. Nc3 a6 6. h3 e5 7. Nde2 Be6 8. g4
h6 9. Bg2 Nbd7 10. Nd5 Bxd5 11. exd5 Rc8 12. Nc3 Be7 13. Be3 b5 14. Qe2 b4 15.
Ne4 Qa5 16. O-O Nxd5 17. Rfd1 Nxe3 18. Qxe3 d5 19. Rxd5 Qxd5 20. Nf6+ Nxf6 21.
Bxd5 Nxd5 22. Qxe5 Rd8 23. Rd1 Nb6 24. Rxd8+ Kxd8 25. Qxg7 Rf8 26. Qxh6 Nd7 27.
Qxa6 Bc5 28. a3 bxa3 29. bxa3 Ke7 30. h4 Rh8 31. h5 Rg8 32. Qc4 Bxa3 33. h6 Rg6
34. h7 Rh6 35. Qd3 Bb2 36. Qe3+ Re6 37. Qg5+ Kd6 38. Qg8 Rh6 39. g5 Rg6 40. Qxf7
Rxg5+ 41. Kf1 Ne5 42. Qf6+ Kd5 43. Qxg5 1-0

[Event "Titled Tue 3rd Jun Early"]
[Site "chess.com INT"]
[Date "2025.06.03"]
[Round "7"]
[White "Demchenko, Yaroslav"]
[Black "Terlouw, Wouter"]
[Result "1-0"]
[WhiteTitle "CM"]
[BlackTitle "CM"]
[WhiteElo "2286"]
[BlackElo "2227"]
[WhiteFideId "14186667"]
[BlackFideId "1087401"]
[EventDate "2025.06.03"]

1. Nf3 c5 2. e3 Nc6 3. b3 Nf6 4. Bb2 g6 5. d4 Bg7 6. Be2 O-O 7. O-O cxd4 8. exd4
d5 9. c4 Bf5 10. Nbd2 e6 11. a3 h5 12. Rc1 a5 13. Re1 Ne4 14. Nf1 h4 15. h3 g5
16. Ne3 Ne7 17. Ne5 dxc4 18. Bxc4 Bxe5 19. dxe5 Nc6 20. Nxf5 exf5 21. Qh5 Kg7
22. Rcd1 Qe7 23. e6+ f6 24. Rd7 Rad8 25. Rxe7+ Nxe7 26. Rxe4 fxe4 27. Qxg5+ Ng6
28. e7 Rd1+ 29. Kh2 Re8 30. Qxf6+ Kh6 31. Qg7+ Kg5 32. Bf6+ Kf5 33. Bf7 Rxe7 34.
Qxg6+ Kf4 35. Qg5# 1-0

[Event "Titled Tue 3rd Jun Early"]
[Site "chess.com INT"]
[Date "2025.06.03"]
[Round "7"]
[White "Huseynova, Dinara"]
[Black "Vaganian, Rafael A"]
[Result "0-1"]
[WhiteTitle "WCM"]
[BlackTitle "GM"]
[WhiteElo "1822"]
[BlackElo "2449"]
[WhiteFideId "13437313"]
[BlackFideId "13300016"]
[EventDate "2025.06.03"]

1. Nf3 Nf6 2. b3 g6 3. Bb2 Bg7 4. g3 O-O 5. Bg2 c5 6. O-O Nc6 7. d3 d5 8. Nbd2
Re8 9. e4 e5 10. Re1 d4 11. h3 h6 12. Nh2 Be6 13. f4 Nh5 14. Qf3 exf4 15. gxf4
Qh4 16. Rf1 Nb4 17. a3 Nxc2 18. Rac1 Ne3 19. Rf2 Rac8 20. Nc4 Nxg2 21. Rxg2 Qxf4
22. Rf2 Qxf3 23. Rxf3 Red8 24. Rcf1 b5 25. Nd2 f5 26. R1f2 Rf8 27. exf5 Rxf5 28.
Re2 Rxf3 29. Ndxf3 Bxh3 30. Re7 Nf4 31. Rxa7 Nxd3 0-1

[Event "Titled Tue 3rd Jun Early"]
[Site "chess.com INT"]
[Date "2025.06.03"]
[Round "7"]
[White "Zlatin, Alexander"]
[Black "Arabidze, Meri"]
[Result "0-1"]
[WhiteTitle "FM"]
[BlackTitle "IM"]
[WhiteElo "2306"]
[BlackElo "2440"]
[WhiteFideId "2810549"]
[BlackFideId "13604040"]
[EventDate "2025.06.03"]

1. e4 c5 2. f4 e6 3. Nf3 d5 4. exd5 exd5 5. g3 Nc6 6. Bg2 Bd6 7. O-O Nge7 8. Re1
O-O 9. c3 Nf5 10. d4 cxd4 11. Nxd4 Ncxd4 12. cxd4 Be6 13. Nc3 Qb6 14. Nxd5 Qxd4+
15. Qxd4 Nxd4 16. Rd1 Ne2+ 17. Kf2 Nxc1 18. Raxc1 Rfd8 19. Ne3 Bxa2 20. Rd3 Bf8
21. Nd5 a5 22. Rcd1 Rd6 23. Nf6+ Rxf6 24. Rd6 Rxd6 0-1

[Event "Titled Tue 3rd Jun Early"]
[Site "chess.com INT"]
[Date "2025.06.03"]
[Round "7"]
[White "Kopczynski, Michal"]
[Black "Le, Minh Tu"]
[Result "1-0"]
[WhiteTitle "CM"]
[BlackTitle "FM"]
[WhiteElo "2225"]
[BlackElo "1932"]
[WhiteFideId "1124200"]
[BlackFideId "12404888"]
[EventDate "2025.06.03"]

1. e4 e6 2. d4 d5 3. Nc3 dxe4 4. Nxe4 Nd7 5. Nf3 Ngf6 6. Ng3 Be7 7. Bd3 O-O 8.
Qe2 c5 9. Bg5 h6 10. h4 cxd4 11. Nxd4 Nc5 12. O-O-O Nxd3+ 13. Rxd3 Qa5 14. Kb1
Bd7 15. Bd2 Qc7 16. Ne4 Nxe4 17. Qxe4 Bf6 18. g4 Qe5 19. Qxb7 Rfd8 20. Re1 Qh2
21. g5 Rab8 22. Qf3 Bxd4 23. Rxd4 Bb5 24. Bf4 Qxh4 25. Rxd8+ Rxd8 26. gxh6 gxh6
27. Rg1+ Kh7 28. Rh1 Qf6 29. Rxh6+ Qxh6 30. Bxh6 Kxh6 31. Qf6+ Kh5 32. Qxd8 1-0

[Event "Titled Tue 3rd Jun Early"]
[Site "chess.com INT"]
[Date "2025.06.03"]
[Round "7"]
[White "Vyom Malhotra"]
[Black "Madhesh Kumar S"]
[Result "0-1"]
[WhiteTitle "CM"]
[BlackTitle "CM"]
[WhiteElo "1975"]
[BlackElo "2243"]
[WhiteFideId "33383561"]
[BlackFideId "25168649"]
[EventDate "2025.06.03"]

1. Nf3 Nf6 2. g3 g6 3. Bg2 Bg7 4. O-O O-O 5. c4 c6 6. Nc3 d5 7. d4 dxc4 8. Ne5
Be6 9. e3 Nbd7 10. Qe2 Nxe5 11. dxe5 Nd5 12. Nxd5 cxd5 13. f4 Qd7 14. Bd2 Bf5
15. Rfe1 Bd3 16. Qf2 e6 17. Bb4 Rfc8 18. Rad1 a5 19. Bc3 b5 20. a3 Qc7 21. e4
dxe4 22. Bxe4 Bxe4 23. Rxe4 Bf8 24. Qf3 b4 25. axb4 axb4 26. Bd4 c3 27. bxc3
bxc3 28. Rc1 c2 29. Re2 Qc4 30. Qf2 Ra2 31. Qe3 Ba3 32. Bb2 Bxb2 33. Rcxc2 Qxc2
34. Rxc2 Rxc2 35. Qd3 Ra1+ 0-1

[Event "Titled Tue 3rd Jun Early"]
[Site "chess.com INT"]
[Date "2025.06.03"]
[Round "7"]
[White "Vlassov, Nikolai"]
[Black "Putnam, Liam"]
[Result "0-1"]
[WhiteTitle "IM"]
[BlackTitle "IM"]
[WhiteElo "2291"]
[BlackElo "2443"]
[WhiteFideId "4103360"]
[BlackFideId "30938279"]
[EventDate "2025.06.03"]

1. e4 e5 2. Bc4 Nf6 3. d3 Nc6 4. Nf3 Bc5 5. Bg5 h6 6. Bh4 d6 7. Nc3 Bg4 8. h3
Bxf3 9. Qxf3 Nd4 10. Qd1 g5 11. Bg3 c6 12. Ne2 Ne6 13. Bxe6 fxe6 14. d4 exd4 15.
Nxd4 Nxe4 16. Nxe6 Qe7 17. Qh5+ Kd7 18. Nxc5+ Nxc5+ 19. Kf1 Ne4 20. Kg1 Raf8 21.
Re1 Qe6 22. Kh2 Qf5 23. Qe2 Re8 24. Qg4 Qxg4 25. hxg4 h5 26. Kg1 Nxg3 27. Rxe8
Rxe8 28. fxg3 Re1+ 29. Kh2 Rxh1+ 30. Kxh1 hxg4 31. Kg1 Ke6 32. Kf2 Ke5 33. Ke3
d5 34. Kd3 c5 35. c3 d4 36. cxd4+ cxd4 37. a4 a5 38. b3 Kd5 39. Kd2 Ke4 0-1

[Event "Titled Tue 3rd Jun Early"]
[Site "chess.com INT"]
[Date "2025.06.03"]
[Round "7"]
[White "Rubio, Lloyd"]
[Black "Lyutsinger, Iren"]
[Result "0-1"]
[BlackTitle "FM"]
[WhiteElo "2167"]
[BlackElo "2266"]
[WhiteFideId "5210453"]
[BlackFideId "34425969"]
[EventDate "2025.06.03"]

1. e4 c5 2. Nc3 a6 3. a4 d6 4. f4 Nc6 5. Nf3 g6 6. Bc4 Bg7 7. O-O e6 8. d3 Nge7
9. Qe1 O-O 10. f5 exf5 11. Qh4 fxe4 12. dxe4 Ne5 13. Nxe5 dxe5 14. Be3 Qc7 15.
Bg5 Nc6 16. Nd5 Qd7 17. Nf6+ Bxf6 18. Bxf6 Qd4+ 19. Kh1 h5 20. Qg5 Kh7 21. b3
Be6 22. Bxe6 fxe6 23. c4 Rf7 24. Qc1 Raf8 25. Qg5 Rxf6 26. Rfd1 Qxd1+ 0-1

[Event "Titled Tue 3rd Jun Early"]
[Site "chess.com INT"]
[Date "2025.06.03"]
[Round "7"]
[White "Levano Loayza, Adriano Jaffet"]
[Black "Madi, Aidana"]
[Result "1-0"]
[WhiteTitle "CM"]
[BlackTitle "WFM"]
[WhiteElo "2049"]
[BlackElo "1855"]
[WhiteFideId "3865584"]
[BlackFideId "13722689"]
[EventDate "2025.06.03"]

1. d4 Nf6 2. c4 e6 3. Nf3 c5 4. d5 exd5 5. cxd5 d6 6. Nc3 g6 7. Bf4 Bg7 8. Qa4+
Bd7 9. Qb3 Qc7 10. e3 O-O 11. h3 Na6 12. Be2 Rac8 13. O-O c4 14. Qa3 Nc5 15.
Bxc4 Nce4 16. Nxe4 Qxc4 17. Nxd6 Qxd5 18. Nxc8 Rxc8 19. Rfd1 Qe4 20. Rd4 Qc6 21.
Rad1 h5 22. Rd6 Qe4 23. Rxd7 Nxd7 24. Rxd7 Qb1+ 25. Kh2 Rc1 26. Qe7 Rh1+ 27. Kg3
Qf5 28. Ng5 h4+ 29. Kf3 1-0

[Event "Titled Tue 3rd Jun Early"]
[Site "chess.com INT"]
[Date "2025.06.03"]
[Round "7"]
[White "Lezcano, Gustavo"]
[Black "Mateus, Martha"]
[Result "0-1"]
[BlackTitle "WIM"]
[WhiteElo "2007"]
[BlackElo "1963"]
[WhiteFideId "103306"]
[BlackFideId "4401549"]
[EventDate "2025.06.03"]

1. e4 e5 2. Bc4 Nf6 3. d3 Nc6 4. Nf3 Bc5 5. c3 a6 6. b4 Ba7 7. a4 d6 8. Bb3 h6
9. h3 g5 10. Be3 Bxe3 11. fxe3 g4 12. Nh4 Nxe4 13. hxg4 Nf6 14. Nf5 Bxf5 15.
gxf5 d5 16. O-O Rg8 17. Nd2 Rg5 18. e4 dxe4 19. dxe4 Qd3 20. Rf3 Qd6 21. Qe2 Nd4
22. cxd4 Qxd4+ 23. Qe3 Qxa1+ 24. Kh2 Ng4+ 0-1

[Event "Titled Tue 3rd Jun Early"]
[Site "chess.com INT"]
[Date "2025.06.03"]
[Round "7"]
[White "Aarit Kapil"]
[Black "Wagner, Dennis"]
[Result "0-1"]
[WhiteTitle "CM"]
[BlackTitle "GM"]
[WhiteElo "2098"]
[BlackElo "2616"]
[WhiteFideId "33408947"]
[BlackFideId "24650684"]
[EventDate "2025.06.03"]

1. e4 e6 2. d4 d5 3. Nc3 Nf6 4. Bg5 dxe4 5. Nxe4 Be7 6. Nxf6+ Bxf6 7. Bxf6 Qxf6
8. Nf3 O-O 9. Bd3 c5 10. c3 cxd4 11. cxd4 Nc6 12. Be4 Bd7 13. O-O Rfd8 14. Rc1
Be8 15. Rc4 Rd6 16. Qc2 g6 17. Bxc6 Bxc6 18. Ne5 Bb5 19. Rc7 Rxd4 20. Nxf7 Rf8
21. Nh6+ Kh8 22. Re1 Qf4 23. g3 Qxh6 24. Qc3 Qd2 25. Rxe6 Qxc3 26. bxc3 Rd1+ 27.
Kg2 Bf1+ 0-1

[Event "Titled Tue 3rd Jun Early"]
[Site "chess.com INT"]
[Date "2025.06.03"]
[Round "7"]
[White "Ugorek, Kacper"]
[Black "Ostensen, Nicolai Maxime"]
[Result "0-1"]
[WhiteTitle "CM"]
[BlackTitle "FM"]
[WhiteElo "2262"]
[BlackElo "2283"]
[WhiteFideId "21890676"]
[BlackFideId "1546970"]
[EventDate "2025.06.03"]

1. f4 d5 2. b3 c6 3. Bb2 e6 4. Nf3 Nd7 5. g3 Ngf6 6. Bg2 Bd6 7. O-O Qe7 8. d3 e5
9. fxe5 Nxe5 10. Nxe5 Bxe5 11. d4 Bd6 12. c4 h5 13. cxd5 Nxd5 14. Bxd5 cxd5 15.
Nc3 h4 16. Nxd5 Qe4 17. Qd3 Qxd5 18. e4 Qh5 19. e5 hxg3 20. Qxg3 Be7 21. d5 Rh6
22. Kh1 Rg6 23. Qf2 Rg5 24. Rae1 Bh3 25. Rg1 Rxg1+ 26. Rxg1 Rc8 27. d6 Bh4 28.
Qe3 Be6 29. Qd3 Qf5 30. Qxf5 Bxf5 31. Rf1 Be4+ 32. Kg1 Rc2 33. d7+ Kxd7 34.
Rxf7+ Ke6 0-1

[Event "Titled Tue 3rd Jun Early"]
[Site "chess.com INT"]
[Date "2025.06.03"]
[Round "7"]
[White "Guerra Tulcan, Lenin"]
[Black "Slovineanu, Viacheslav"]
[Result "1-0"]
[WhiteTitle "IM"]
[BlackTitle "IM"]
[WhiteElo "2310"]
[BlackElo "2412"]
[WhiteFideId "3601382"]
[BlackFideId "13900510"]
[EventDate "2025.06.03"]

1. e4 c6 2. Nf3 d5 3. exd5 cxd5 4. Ne5 Nc6 5. Bb5 Bd7 6. Bxc6 bxc6 7. O-O Nf6 8.
b3 e6 9. Bb2 Bd6 10. d3 O-O 11. Nd2 c5 12. c4 Be8 13. Re1 Qc7 14. d4 Rd8 15.
dxc5 Bxc5 16. Qf3 d4 17. Rad1 a5 18. h4 a4 19. h5 h6 20. Nf1 Nh7 21. Ng3 Ng5 22.
Qg4 f6 23. Ng6 Bxg6 24. hxg6 f5 25. Qh5 e5 26. Bc1 f4 27. Ne4 Nxe4 28. Rxe4 d3
29. Qxe5 Qxe5 30. Rxe5 d2 31. Rxd2 Bxf2+ 32. Kxf2 1-0

[Event "Titled Tue 3rd Jun Early"]
[Site "chess.com INT"]
[Date "2025.06.03"]
[Round "7"]
[White "Deveci, Huseyin Said"]
[Black "Chen, Yidong"]
[Result "0-1"]
[WhiteTitle "CM"]
[WhiteElo "2212"]
[BlackElo "2038"]
[WhiteFideId "26322455"]
[BlackFideId "8607028"]
[EventDate "2025.06.03"]

1. e4 c5 2. Nf3 d6 3. c3 Nf6 4. Bd3 Bg4 5. h3 Bh5 6. O-O Nc6 7. Re1 e6 8. g4 Bg6
9. Bc2 Be7 10. d4 cxd4 11. cxd4 d5 12. e5 Ne4 13. Nc3 Ng5 14. Nxg5 Bxg5 15. f4
Bh4 16. Rf1 Bxc2 17. Qxc2 Nxd4 18. Qa4+ Nc6 19. f5 O-O 20. Bf4 Bg5 21. Rae1 Qb6+
22. Kh1 Bh4 23. Re2 Qd4 24. Qb3 Qd3 25. Kg2 Nd4 26. Qd1 Qxd1 27. Rxd1 Nxe2 28.
Nxe2 Be7 29. Nd4 Bc5 30. Nb3 Bb6 31. f6 Rfc8 32. g5 Rc2+ 33. Kf3 Rac8 34. h4
Rxb2 35. h5 Rc3+ 36. Kg4 Rg2+ 37. Kh4 Bf2+ 0-1

[Event "Titled Tue 3rd Jun Early"]
[Site "chess.com INT"]
[Date "2025.06.03"]
[Round "7"]
[White "Zaw, Ye Htut"]
[Black "Kleiman, Jake"]
[Result "0-1"]
[WhiteTitle "CM"]
[BlackTitle "IM"]
[WhiteElo "2180"]
[BlackElo "2399"]
[WhiteFideId "13013955"]
[BlackFideId "2020041"]
[EventDate "2025.06.03"]

1. e4 e5 2. Nf3 Nc6 3. Bb5 a6 4. Ba4 Nf6 5. d3 b5 6. Bb3 Bc5 7. O-O d6 8. a4 Rb8
9. axb5 axb5 10. h3 O-O 11. Nc3 h6 12. Ne2 Be6 13. Bxe6 fxe6 14. c3 Bb6 15. Ng3
d5 16. exd5 exd5 17. Re1 Qd7 18. d4 e4 19. Nh4 Ne7 20. Nh5 g5 21. Re3 gxh4 22.
Nxf6+ Rxf6 23. Qh5 Nf5 24. Re1 Qf7 25. Qg4+ Rg6 26. Qf4 Rf8 27. Qe5 Re8 28. Qf4
Qf6 29. b3 Nd6 30. Qxf6 Rxf6 31. Ba3 Nf5 32. Bc1 b4 33. cxb4 Nxd4 34. Be3 Nc2 0-1

[Event "Titled Tue 3rd Jun Early"]
[Site "chess.com INT"]
[Date "2025.06.03"]
[Round "7"]
[White "Triapishko, Alexandr"]
[Black "Vidal Melendez, Ismael David"]
[Result "1-0"]
[WhiteTitle "IM"]
[BlackTitle "FM"]
[WhiteElo "2459"]
[BlackElo "2294"]
[WhiteFideId "14122286"]
[BlackFideId "3901718"]
[EventDate "2025.06.03"]

1. e4 c5 2. Nf3 e6 3. d4 cxd4 4. Nxd4 a6 5. c4 Nf6 6. Nc3 Bb4 7. Qd3 d5 8. exd5
exd5 9. Be2 O-O 10. O-O Nc6 11. Nxc6 bxc6 12. cxd5 cxd5 13. Be3 Be6 14. Bd4 Re8
15. Rfd1 a5 16. Bf3 Rb8 17. h3 Be7 18. b3 Qd7 19. Na4 Ne4 20. Bxe4 dxe4 21. Qg3
Bf8 22. Bxg7 Bxg7 23. Rxd7 Bxd7 24. Nc5 Bf5 25. Rd1 Rbc8 26. Nb7 Rc3 27. Qf4 Bg6
28. Rd8 Rxd8 29. Nxd8 Rd3 30. Qb8 Bf8 31. g4 Rd1+ 32. Kg2 e3 33. fxe3 Be4+ 34.
Kf2 Bd6 35. Qb5 Rd2+ 36. Ke1 Rxa2 37. Qe8+ Kg7 38. Qxf7+ Kh6 39. Qf6+ Bg6 40.
Nf7# 1-0

[Event "Titled Tue 3rd Jun Early"]
[Site "chess.com INT"]
[Date "2025.06.03"]
[Round "7"]
[White "Jumabayev, Rinat"]
[Black "Krishna, C R G"]
[Result "1-0"]
[WhiteTitle "GM"]
[BlackTitle "IM"]
[WhiteElo "2551"]
[BlackElo "2453"]
[WhiteFideId "13702661"]
[BlackFideId "5018625"]
[EventDate "2025.06.03"]

1. d4 d5 2. c4 e6 3. Nc3 h6 4. Nf3 Nf6 5. g3 Nc6 6. Bg2 Bd6 7. O-O O-O 8. Qd3
Nb4 9. Qd2 dxc4 10. Ne5 Bxe5 11. dxe5 Qxd2 12. Bxd2 Nd7 13. f4 c6 14. Ne4 Nd5
15. Nd6 b5 16. Rfc1 N7b6 17. b3 Ba6 18. e4 Nc7 19. Bf1 Rfd8 20. Ba5 Rab8 21.
bxc4 bxc4 22. Nxc4 Bxc4 23. Bxc4 Rd4 24. Bf1 Rxe4 25. Rxc6 Ncd5 26. Bd2 Rd4 27.
Be1 Rc8 28. Rxc8+ Nxc8 29. a4 Nce7 30. Bf2 Rd2 31. Bxa7 Nf5 32. a5 Nde3 33. Bxe3
Nxe3 34. a6 1-0